000 00739cam a22002174a 4500
005 20250605163943.0
008 250528s ||||||||||||||||||||||||d
035 _a15091
020 _a314008640
040 _aGR-AtMCL
_bgre
_dGR-AtMCL
_eAACR2
245 1 _aThe Management and Control of Quality / Second Edition
250 _a2nd
300 _a716
520 _aThe Quality System, The Management System, The Technical System: Quality Measurement, The Technical System: Quality of Design and Performance, The Technical System: Quality of Conformance, Appendixes.
700 1 _aEvans James R
_9938
700 1 _aLindsay M. William
_9939
942 _cBK
260 _bWest Publishing Company
999 _c690
_d690